[Event "chess.com IoM Masters"]
[Site "Douglas ENG"]
[Date "2016.10.01"]
[Round "1.26"]
[White "Hill, Alistair"]
[Black "Bok, Benjamin"]
[Result "0-1"]
[BlackTitle "GM"]
[WhiteElo "2249"]
[BlackElo "2594"]
[WhiteFideId "432407"]
[BlackFideId "1017063"]
[EventDate "2016.10.01"]

1. Nf3 c5 2. e4 d6 3. Bb5+ Nd7 4. O-O a6 5. Bxd7+ Bxd7 6. Re1 Bg4 7. c3 e6 8. d4
Be7 9. d5 e5 10. Nbd2 Nf6 11. Nf1 O-O 12. Ng3 Ne8 13. b4 cxb4 14. cxb4 Rc8 15.
Be3 g6 16. Rc1 Ng7 17. Rxc8 Qxc8 18. Qd2 Qd7 19. Rc1 f5 20. Bh6 f4 21. Ne2 Bd8
22. Qc3 Qf7 23. b5 axb5 24. Qb4 Qd7 25. Nc3 Bxf3 26. gxf3 Bb6 27. Qxb5 Qd8 28.
Kf1 Bd4 29. Ne2 Bc5 30. Rxc5 dxc5 31. Qxc5 Qc8 32. Qxc8 Rxc8 33. Bg5 Kf7 34. Ke1
Ne8 35. Kd2 Nd6 36. Nc3 b5 37. Ne2 Ra8 38. Nc1 Ra3 39. Nd3 Nc4+ 40. Kc2 Rxa2+ 0-1

[Event "chess.com IoM Masters"]
[Site "Douglas ENG"]
[Date "2016.10.01"]
[Round "1.27"]
[White "Lenderman, Aleksandr"]
[Black "Rakesh, Kumar Jena"]
[Result "1-0"]
[WhiteTitle "GM"]
[BlackTitle "FM"]
[WhiteElo "2593"]
[BlackElo "2247"]
[WhiteFideId "2021285"]
[BlackFideId "5084822"]
[EventDate "2016.10.01"]

1. c4 c6 2. e4 d5 3. exd5 cxd5 4. d4 Nc6 5. cxd5 Qxd5 6. Nf3 e5 7. Nc3 Bb4 8.
Bd2 Bxc3 9. Bxc3 exd4 10. Nxd4 Nxd4 11. Qxd4 Qxd4 12. Bxd4 Nf6 13. Bb5+ Bd7 14.
Bxd7+ Nxd7 15. Rc1 O-O 16. Rc7 Rac8 17. Rxc8 Rxc8 18. Ke2 f6 19. Rd1 a6 20. Be3
Ne5 21. Bf4 Rc2+ 22. Rd2 Rxd2+ 23. Kxd2 Nc6 24. Kd3 Kf7 25. Kc4 Ke6 26. Kc5 Kd7
27. g4 Ne7 28. Bd2 Nc8 29. Bb4 g5 30. f3 Ke6 31. Bc3 f5 32. h3 f4 33. a4 Ke7 34.
b3 Ke6 35. Bb2 h6 36. Bg7 Nd6 37. Kb6 Kd5 38. a5 h5 1-0

[Event "chess.com IoM Masters"]
[Site "Douglas ENG"]
[Date "2016.10.01"]
[Round "1.28"]
[White "Lorscheid, Gerhard"]
[Black "Lalith, Babu M R"]
[Result "0-1"]
[WhiteTitle "FM"]
[BlackTitle "GM"]
[WhiteElo "2238"]
[BlackElo "2586"]
[WhiteFideId "4606000"]
[BlackFideId "5024595"]
[EventDate "2016.10.01"]

1. d4 Nf6 2. c4 e6 3. Nc3 Bb4 4. Qc2 O-O 5. a3 Bxc3+ 6. Qxc3 d5 7. Nf3 b6 8. Bg5
dxc4 9. Qxc4 Ba6 10. Qa4 c5 11. Rd1 b5 12. Qc2 c4 13. g3 Nbd7 14. Bg2 Bb7 15.
O-O h6 16. Bf4 Be4 17. Qc1 Rc8 18. Bd6 Re8 19. Ne5 Bxg2 20. Kxg2 Nb6 21. Bc5 Na4
22. Bxa7 Qc7 23. b3 Qb7+ 24. f3 cxb3 25. Bc5 Nd5 26. Rd3 f6 27. Ng4 e5 28. Qd2
exd4 29. Bxd4 Rc2 30. Qd1 Nac3 0-1

[Event "chess.com IoM Masters"]
[Site "Douglas ENG"]
[Date "2016.10.01"]
[Round "1.29"]
[White "Rudd, Jack"]
[Black "Taylor, Adam C"]
[Result "0-1"]
[WhiteTitle "IM"]
[BlackTitle "FM"]
[WhiteElo "2222"]
[BlackElo "2236"]
[WhiteFideId "405736"]
[BlackFideId "424668"]
[EventDate "2016.10.01"]

1. d4 Nf6 2. c4 e6 3. Nc3 Bb4 4. f3 d5 5. a3 Bxc3+ 6. bxc3 O-O 7. cxd5 exd5 8.
e3 Bf5 9. Ne2 Re8 10. Ng3 Bg6 11. Bd3 c5 12. O-O Nc6 13. Rb1 Re7 14. a4 a6 15.
Nf5 Bxf5 16. Bxf5 Na5 17. Qd3 c4 18. Qc2 g6 19. Bh3 Nb3 20. Qf2 Qe8 21. Qh4 Nxc1
22. Rbxc1 Kg7 23. e4 dxe4 24. fxe4 Nxe4 25. Rce1 Ng5 26. Bg4 h6 27. d5 Rd8 28.
Qf2 f5 29. Qd4+ Kh7 30. Rxe7+ Qxe7 31. h4 Ne4 32. Rxf5 gxf5 33. Bxf5+ Kg8 34.
Bxe4 Re8 0-1

[Event "chess.com IoM Masters"]
[Site "Douglas ENG"]
[Date "2016.10.01"]
[Round "1.30"]
[White "Allen, Keith"]
[Black "Donchenko, Alexander"]
[Result "0-1"]
[BlackTitle "GM"]
[WhiteElo "2236"]
[BlackElo "2581"]
[WhiteFideId "2501147"]
[BlackFideId "24603295"]
[EventDate "2016.10.01"]

1. d4 Nf6 2. c4 c5 3. d5 e6 4. Nc3 exd5 5. cxd5 d6 6. Bf4 g6 7. Nf3 Bg7 8. Qa4+
Bd7 9. Qb3 Qc7 10. e4 O-O 11. Nd2 Nh5 12. Be3 f5 13. exf5 Bxf5 14. Be2 Nf6 15.
h3 Na6 16. a3 Rab8 17. O-O Qf7 18. Rad1 Nc7 19. Nc4 Rfd8 20. Bf4 Qf8 21. g4 Bc8
22. Bg3 Kh8 23. Kg2 b5 24. Na5 Re8 25. Nc6 Rb6 26. Bf3 Bb7 27. Nxa7 c4 28. Qb4
Nfxd5 29. Nxd5 Qxf3+ 30. Kxf3 Nxd5 31. Qxd6 Nc3+ 32. Kf4 Rxd6 33. Rxd6 Be5+ 34.
Kg5 Ne4+ 35. Kh4 Bxd6 36. Bxd6 Nxd6 37. Rd1 Re6 0-1

[Event "chess.com IoM Masters"]
[Site "Douglas ENG"]
[Date "2016.10.01"]
[Round "1.31"]
[White "Marin, Mihail"]
[Black "Parnali, S Dharia"]
[Result "1/2-1/2"]
[WhiteTitle "GM"]
[BlackTitle "WIM"]
[WhiteElo "2569"]
[BlackElo "2228"]
[WhiteFideId "1200020"]
[BlackFideId "5043131"]
[EventDate "2016.10.01"]

1. c4 e6 2. g3 Nf6 3. Bg2 d5 4. d4 Be7 5. Nf3 O-O 6. O-O dxc4 7. Ne5 Nc6 8. Nxc6
bxc6 9. Na3 Bxa3 10. bxa3 Rb8 11. Qd2 Qd6 12. Qa5 Qxd4 13. Be3 Qb2 14. Bxa7 Rb5
15. Qxc7 Qxe2 16. Bxc6 Rh5 17. Rad1 Ba6 18. Rfe1 Qxa2 19. Bf3 Rf5 20. Bc5 Re8
21. Rd8 Bb5 22. Kg2 Rxf3 23. Kxf3 Bc6+ 24. Qxc6 Rxd8 25. Be7 Rd3+ 26. Kg2 h5 27.
Bxf6 gxf6 28. Rc1 Rd2 29. Qf3 Kg7 30. h4 Rd3 31. Qe4 Rd2 32. Qf3 e5 33. Rf1 Rd3
34. Qxh5 Rxa3 35. Qg4+ Kh6 36. Rc1 c3 37. Qf3 Kg7 38. Rxc3 Rxc3 39. Qxc3 Qd5+
40. Qf3 Qd2 41. Qe4 Qd7 42. g4 Qd2 43. Qf5 Qd5+ 44. Kh2 Qd4 45. h5 Qd2 46. Kg2
Qd5+ 47. Kh2 Qd2 48. Kg2 1/2-1/2

[Event "chess.com IoM Masters"]
[Site "Douglas ENG"]
[Date "2016.10.01"]
[Round "1.32"]
[White "Player, Edmund C"]
[Black "Brunello, Sabino"]
[Result "0-1"]
[BlackTitle "GM"]
[WhiteElo "2227"]
[BlackElo "2566"]
[WhiteFideId "406520"]
[BlackFideId "813613"]
[EventDate "2016.10.01"]

1. e4 c5 2. Nf3 e6 3. d4 cxd4 4. Nxd4 Nc6 5. Nb5 d6 6. c4 Nf6 7. N1c3 a6 8. Na3
Be7 9. Be3 b6 10. Be2 O-O 11. O-O Ne5 12. f3 Bb7 13. Qb3 Ned7 14. Rfd1 Rb8 15.
Rac1 Qc7 16. Nab1 Rfc8 17. a4 Qd8 18. Kh1 h5 19. Bf1 h4 20. Qa2 Ne5 21. b3 h3
22. Qf2 hxg2+ 23. Bxg2 Nfd7 24. h3 Nc5 25. Qc2 Ng6 26. Ne2 b5 27. axb5 axb5 28.
b4 Na6 29. c5 Qe8 30. Qb3 dxc5 31. bxc5 Nxc5 32. Bxc5 Bxc5 33. Nbc3 Bc6 34. Nd4
Bd7 35. Nce2 b4 36. Ra1 e5 37. Nf5 Be6 38. Qb2 b3 39. Rac1 Ra8 40. Nd6 Bxd6 41.
Rxd6 Ra2 0-1

[Event "chess.com IoM Masters"]
[Site "Douglas ENG"]
[Date "2016.10.01"]
[Round "1.33"]
[White "Aravindh, Chithambaram VR."]
[Black "Grant, Jonathan I M"]
[Result "1-0"]
[WhiteTitle "GM"]
[WhiteElo "2564"]
[BlackElo "2223"]
[WhiteFideId "5072786"]
[BlackFideId "2400294"]
[EventDate "2016.10.01"]

1. e4 c6 2. d4 d5 3. exd5 cxd5 4. Bd3 Nc6 5. c3 Qc7 6. h3 Nf6 7. Nf3 g6 8. O-O
Bg7 9. Nbd2 O-O 10. Re1 a6 11. a4 Re8 12. Nf1 b6 13. Ng3 Bb7 14. Bg5 Na5 15. Qc2
Nc4 16. h4 Ng4 17. b3 Nd6 18. Bf4 e6 19. h5 Qd7 20. hxg6 hxg6 21. Bxg6 fxg6 22.
Bxd6 Qxd6 23. Qxg6 Nf6 24. Ng5 Re7 25. Rxe6 Rxe6 26. Nf5 Qh2+ 27. Kxh2 Ng4+ 28.
Kg3 Rxg6 29. Ne7+ Kf8 30. Nxg6+ Ke8 31. Re1+ Kd8 32. Re7 Bf6 33. Nf7+ Kc8 34.
Nd6+ Kd8 35. Nxb7+ Kc8 36. Nd6+ Kd8 37. Re8+ 1-0

[Event "chess.com IoM Masters"]
[Site "Douglas ENG"]
[Date "2016.10.01"]
[Round "1.34"]
[White "Wallace, Paul"]
[Black "Shyam, Sundar M."]
[Result "1-0"]
[BlackTitle "GM"]
[WhiteElo "2210"]
[BlackElo "2552"]
[WhiteFideId "2500892"]
[BlackFideId "5019141"]
[EventDate "2016.10.01"]

1. e4 c5 2. Nf3 d6 3. d4 cxd4 4. Nxd4 Nf6 5. Nc3 a6 6. Bc4 Nbd7 7. O-O g6 8. Bg5
Bg7 9. Qd2 h6 10. Bh4 O-O 11. Rfe1 Nb6 12. Bb3 Qc7 13. Rad1 Kh7 14. Nd5 Nbxd5
15. exd5 Re8 16. h3 Qc5 17. f4 Bd7 18. Bf2 Qc7 19. a4 Rac8 20. Re2 Ng8 21. Kh1
Bf6 22. Qb4 Rb8 23. a5 b6 24. axb6 Qxb6 25. Qa3 Rb7 26. Nc6 Qb5 27. Rde1 Kg7 28.
Na5 Rc7 29. c4 Qb8 30. Ba4 Bxa4 31. Qxa4 Rec8 32. Nc6 Qa8 33. b4 Rxc6 34. dxc6
Qxc6 35. Qxc6 Rxc6 36. b5 Rxc4 37. bxa6 Ra4 38. a7 d5 39. Rb1 d4 40. Rb7 g5 41.
Rd2 gxf4 42. Rxd4 Bxd4 43. Bxd4+ e5 44. Bxe5+ Kg6 45. Bd4 Nf6 46. Rb8 Ne4 47.
a8=Q Ng3+ 48. Kh2 1-0

[Event "chess.com IoM Masters"]
[Site "Douglas ENG"]
[Date "2016.10.01"]
[Round "1.35"]
[White "Svane, Rasmus"]
[Black "Rodshtein, Tereza"]
[Result "1-0"]
[WhiteTitle "GM"]
[BlackTitle "WGM"]
[WhiteElo "2552"]
[BlackElo "2207"]
[WhiteFideId "4657101"]
[BlackFideId "325449"]
[EventDate "2016.10.01"]

1. c4 c6 2. Nf3 d5 3. e3 Nf6 4. Nc3 e6 5. b3 Nbd7 6. Qc2 Bd6 7. Bb2 O-O 8. Be2
Re8 9. O-O b6 10. cxd5 exd5 11. d4 Bb7 12. Rfe1 Ne4 13. Nxe4 dxe4 14. Nd2 c5 15.
Nc4 Bf8 16. Red1 Rc8 17. dxc5 Rxc5 18. Bg4 Rd5 19. Rxd5 Bxd5 20. Rd1 Nc5 21. Ne5
Qa8 22. Bh5 Nd3 23. Nxd3 exd3 24. Qxd3 Bxg2 25. Qc4 Qb7 26. Bxf7+ Qxf7 27. Qxf7+
Kxf7 28. Kxg2 Ke6 29. Kf3 g6 30. Rd4 Rc8 31. Re4+ Kd5 32. Rd4+ Ke6 33. Rc4 Bc5
34. Ke4 Rf8 35. f4 Rf5 36. Be5 Ke7 37. b4 Bd6 38. Kd5 Kd7 39. b5 Bc5 40. e4 Rh5
41. Ra4 Rxh2 42. Rxa7+ Kc8 43. Ke6 Re2 44. Rc7+ Kd8 45. Rb7 1-0

[Event "chess.com IoM Masters"]
[Site "Douglas ENG"]
[Date "2016.10.01"]
[Round "1.36"]
[White "Lyell, Mark"]
[Black "Sunilduth Lyna, Narayanan"]
[Result "0-1"]
[WhiteTitle "FM"]
[BlackTitle "GM"]
[WhiteElo "2190"]
[BlackElo "2536"]
[WhiteFideId "402354"]
[BlackFideId "5058422"]
[EventDate "2016.10.01"]

1. e4 c5 2. c3 d5 3. exd5 Nf6 4. d4 cxd4 5. cxd4 Nxd5 6. Nc3 Nc6 7. Nf3 e6 8.
Bd3 Bb4 9. Qc2 Nf6 10. Be3 O-O 11. O-O Be7 12. Rad1 Nb4 13. Qe2 Nxd3 14. Qxd3 b6
15. d5 Nxd5 16. Nxd5 Qxd5 17. Qxd5 exd5 18. Rfe1 Be6 19. Nd4 Bf6 20. f3 Rac8 21.
Bf4 Rfe8 22. Be5 Be7 23. Bg3 Bc5 24. Bf2 h6 25. Kf1 a5 26. Re2 Bd7 27. Rxe8+
Rxe8 28. a3 Bc8 29. Rd2 Ba6+ 30. Kg1 Bc4 31. Nc2 a4 32. Bd4 f5 33. g3 g5 34. h4
Kf7 35. hxg5 hxg5 36. Kf2 f4 37. gxf4 gxf4 38. Kg2 Rg8+ 39. Kf2 Re8 40. Kg2 Re6
41. Kh3 Rg6 42. Kh2 Ke6 43. Bc3 Rh6+ 44. Kg2 Rh5 45. Nd4+ Kd7 46. Kg1 Rh3 47.
Kg2 Rg3+ 48. Kf2 Bb3 49. Ke1 Rg1+ 50. Kf2 Rc1 51. Kg2 Bc4 52. Kh2 Bxa3 53. Rg2
Bd6 54. Rg4 Kc8 55. Nc6 Bc7 0-1

[Event "chess.com IoM Masters"]
[Site "Douglas ENG"]
[Date "2016.10.01"]
[Round "1.37"]
[White "Harika, Dronavalli"]
[Black "Rocabado, Fernando"]
[Result "1-0"]
[WhiteTitle "GM"]
[WhiteElo "2528"]
[BlackElo "2187"]
[WhiteFideId "5015197"]
[BlackFideId "105341"]
[EventDate "2016.10.01"]

1. e4 e6 2. d4 d5 3. Nd2 c5 4. exd5 Qxd5 5. Ngf3 cxd4 6. Bc4 Qd7 7. O-O Nc6 8.
Nb3 Nf6 9. Qe2 a6 10. a4 Bd6 11. Rd1 Qc7 12. Nbxd4 Nxd4 13. Rxd4 h6 14. b3 Bd7
15. Bb2 Bc6 16. Re1 O-O 17. Rh4 Qe7 18. Ne5 Bd5 19. Bd3 Ba3 20. Ba1 Bb4 21. Ng4
Nh7 22. Nxh6+ gxh6 23. Qg4+ Qg5 24. Bxh7+ 1-0

[Event "chess.com IoM Masters"]
[Site "Douglas ENG"]
[Date "2016.10.01"]
[Round "1.38"]
[White "Leutwyler, Martin"]
[Black "Schroeder, Jan-Christian"]
[Result "0-1"]
[BlackTitle "GM"]
[WhiteElo "2168"]
[BlackElo "2514"]
[WhiteFideId "1301969"]
[BlackFideId "24662259"]
[EventDate "2016.10.01"]

1. d4 d5 2. Nf3 Nf6 3. c4 e6 4. g3 Be7 5. Bg2 O-O 6. O-O Nbd7 7. Qc2 c6 8. Nbd2
b6 9. e4 Bb7 10. e5 Ne8 11. cxd5 exd5 12. Re1 Nc7 13. b3 Ne6 14. Bb2 c5 15. Rad1
Rc8 16. Qb1 Re8 17. Nf1 Bf8 18. h4 h6 19. Bh3 Rc7 20. Qf5 cxd4 21. Nxd4 Nxd4 22.
Bxd4 Nc5 23. Ne3 Bc8 24. Qf3 Bxh3 25. g4 Qxh4 26. Qg3 Qxg3+ 27. fxg3 h5 0-1

[Event "chess.com IoM Masters"]
[Site "Douglas ENG"]
[Date "2016.10.01"]
[Round "1.39"]
[White "Hillarp Persson, Tiger"]
[Black "Scott, Gordon W"]
[Result "1-0"]
[WhiteTitle "GM"]
[WhiteElo "2513"]
[BlackElo "2168"]
[WhiteFideId "1700812"]
[BlackFideId "419559"]
[EventDate "2016.10.01"]

1. d4 Nf6 2. c4 g6 3. Nc3 Bg7 4. e4 d6 5. h3 O-O 6. Nf3 e5 7. d5 a5 8. Be3 Nh5
9. g3 Qe8 10. Be2 f5 11. exf5 gxf5 12. Ng5 Nf6 13. Qd2 Na6 14. O-O-O a4 15. a3
h6 16. Nf3 Nc5 17. Bxc5 dxc5 18. Nh4 Qf7 19. Qc2 Ne8 20. Nxa4 b6 21. Nc3 Bd7 22.
g4 Nd6 23. Rhg1 Qf6 24. Nxf5 Bxf5 25. gxf5 Qxf5 26. Rg2 Qxc2+ 27. Kxc2 Kh8 28.
Rdg1 Bf6 29. Rg6 Bg5 30. h4 Bf4 31. Rxd6 cxd6 32. Ne4 Rg8 33. Rxg8+ Kxg8 34.
Nxd6 e4 35. Nxe4 Be5 36. Bg4 Kf8 37. h5 Ke7 38. Kb3 Bf4 39. a4 Be5 40. Ka3 Bd6
41. f3 Rf8 42. b4 cxb4+ 43. Kb3 Ra8 44. Nxd6 Kxd6 45. Kxb4 Ra5 46. f4 Rc5 47.
Be6 Ra5 48. f5 Ke5 49. Bd7 Rc5 50. Bb5 Rc8 51. Bc6 Kd6 52. Kb5 Rb8 53. f6 1-0

[Event "chess.com IoM Masters"]
[Site "Douglas ENG"]
[Date "2016.10.01"]
[Round "1.40"]
[White "Herbold, Manfred"]
[Black "Khmelniker, Ilya"]
[Result "0-1"]
[WhiteTitle "CM"]
[BlackTitle "GM"]
[WhiteElo "2155"]
[BlackElo "2493"]
[WhiteFideId "4682882"]
[BlackFideId "2805340"]
[EventDate "2016.10.01"]

1. e4 e5 2. d4 exd4 3. Nf3 Nc6 4. Bc4 Nf6 5. e5 d5 6. Bb5 Nd7 7. O-O Be7 8. Re1
O-O 9. Bxc6 bxc6 10. Nxd4 Nb8 11. c3 c5 12. Ne2 c6 13. Ng3 Na6 14. f4 f5 15. Be3
Nc7 16. Qa4 Rb8 17. Na3 Rxb2 18. Reb1 Rxb1+ 19. Rxb1 d4 20. Bd2 dxc3 21. Bxc3
Nd5 22. Ba1 Qc7 23. Ne2 Be6 24. Qa6 Nb4 25. Qa4 Bxa2 26. Rc1 Be6 27. Nb5 cxb5
28. Qxb4 Qb6 0-1

[Event "chess.com IoM Masters"]
[Site "Douglas ENG"]
[Date "2016.10.01"]
[Round "1.41"]
[White "Zumsande, Martin"]
[Black "Laustsen, Lars"]
[Result "1-0"]
[WhiteTitle "IM"]
[WhiteElo "2490"]
[BlackElo "2151"]
[WhiteFideId "4651324"]
[BlackFideId "1407554"]
[EventDate "2016.10.01"]

1. e4 c5 2. c3 Nf6 3. e5 Nd5 4. d4 cxd4 5. cxd4 d6 6. Bc4 e6 7. Nf3 Nc6 8. O-O
Be7 9. Re1 O-O 10. exd6 Qxd6 11. Nc3 Nxc3 12. bxc3 b6 13. Ng5 Bxg5 14. Bxg5 Ne7
15. Qf3 Bd7 16. Bd3 Ng6 17. h4 f6 18. Bd2 Nxh4 19. Bxh7+ Kxh7 20. Qh5+ Kg8 21.
Qxh4 Qd5 22. Re3 Kf7 23. c4 Qf5 24. Rf3 Rh8 25. Qxh8 Qxf3 26. Qh2 Qc6 27. Rc1
Rc8 28. Rc3 Qa4 29. Qh5+ Kg8 30. Rg3 Qc2 31. Bh6 1-0

[Event "chess.com IoM Masters"]
[Site "Douglas ENG"]
[Date "2016.10.01"]
[Round "1.42"]
[White "Bellaiche, Anthony"]
[Black "Mannion, Stephen R"]
[Result "1/2-1/2"]
[WhiteTitle "IM"]
[BlackTitle "IM"]
[WhiteElo "2494"]
[BlackElo "2313"]
[WhiteFideId "615668"]
[BlackFideId "2400111"]
[EventDate "2016.10.01"]

1. d4 d5 2. c4 dxc4 3. Nf3 a6 4. e3 b5 5. a4 Bb7 6. b3 Nf6 7. axb5 axb5 8. Rxa8
Bxa8 9. bxc4 bxc4 10. Bxc4 e6 11. O-O Be7 12. Qa4+ Nbd7 13. Ne5 O-O 14. Nc6 Bxc6
15. Qxc6 Qa8 16. Bb5 Rb8 17. Nd2 Qxc6 18. Bxc6 Rb6 19. Bf3 c5 20. Nc4 Ra6 21.
Bb2 cxd4 22. Bxd4 Bc5 23. Bxc5 Nxc5 24. Rd1 g6 25. g3 Kg7 26. h4 h5 27. Kg2 Nfe4
28. Bxe4 Nxe4 29. Rd4 f5 30. Rd7+ Kf6 1/2-1/2

[Event "chess.com IoM Masters"]
[Site "Douglas ENG"]
[Date "2016.10.01"]
[Round "1.43"]
[White "Gill, Neville B K"]
[Black "Trent, Lawrence"]
[Result "0-1"]
[BlackTitle "IM"]
[WhiteElo "2102"]
[BlackElo "2463"]
[WhiteFideId "404012"]
[BlackFideId "408638"]
[EventDate "2016.10.01"]

1. d4 Nf6 2. Nf3 g6 3. c4 Bg7 4. Nc3 O-O 5. e4 c6 6. Bd3 d6 7. O-O Bg4 8. Be3
Nbd7 9. h3 Bxf3 10. Qxf3 e5 11. d5 Nc5 12. Bc2 a5 13. a3 Na6 14. Rab1 cxd5 15.
cxd5 Nd7 16. Qe2 Nc7 17. Rfc1 f5 18. f3 Rf7 19. Bd1 Qf8 20. Nb5 Nxb5 21. Qxb5
Bh6 22. Qe2 fxe4 23. fxe4 Rf1+ 24. Kh2 Bf4+ 25. g3 Bxe3 26. Qxe3 Nc5 27. Bc2 Rf3
28. Qe1 Qf6 29. b4 Rf8 30. h4 Rf2+ 31. Kh3 Qe7 32. Bd1 Nd3 33. Qe3 Nxc1 34. Rxc1
axb4 35. axb4 Kg7 36. Bg4 h5 37. Be6 R8f3 38. Qg5 Rf6 39. Rb1 Rxe6 40. dxe6
Qxe6+ 0-1

[Event "chess.com IoM Masters"]
[Site "Douglas ENG"]
[Date "2016.10.01"]
[Round "1.44"]
[White "McLaren, Brian"]
[Black "Gagare, Shardul"]
[Result "1/2-1/2"]
[BlackTitle "GM"]
[WhiteElo "2149"]
[BlackElo "2480"]
[WhiteFideId "2604612"]
[BlackFideId "5037883"]
[EventDate "2016.10.01"]

1. e4 e6 2. d3 c5 3. g3 Nc6 4. Bg2 g6 5. Nc3 Bg7 6. Be3 Nd4 7. Nce2 Ne7 8. c3
Nxe2 9. Nxe2 d6 10. Qd2 O-O 11. Rd1 e5 12. O-O Be6 13. b3 b6 14. d4 Qc7 15. f4
exd4 16. cxd4 Rad8 17. f5 gxf5 18. Bh6 f6 19. d5 Bd7 20. Bxg7 Kxg7 21. Nf4 Kh8
22. Nh5 Be8 23. Nf4 Bd7 24. Nh5 Be8 25. Nf4 Bd7 26. Nh5 1/2-1/2

[Event "chess.com IoM Masters"]
[Site "Douglas ENG"]
[Date "2016.10.01"]
[Round "1.45"]
[White "Batsiashvili, Nino"]
[Black "Vardan, Nagpal"]
[Result "1-0"]
[WhiteTitle "IM"]
[WhiteElo "2480"]
[BlackElo "2117"]
[WhiteFideId "13602993"]
[BlackFideId "25089544"]
[EventDate "2016.10.01"]

1. d4 d5 2. c4 c6 3. Nf3 Nf6 4. e3 e6 5. b3 Nbd7 6. Bd3 Bd6 7. Bb2 O-O 8. Nbd2
b6 9. O-O Bb7 10. Ne5 c5 11. f4 cxd4 12. exd4 Ne4 13. Qe2 Nxd2 14. Qxd2 f5 15.
Qe3 Nxe5 16. dxe5 Bc5 17. Bd4 Bxd4 18. Qxd4 Qe7 19. Rad1 Rfd8 20. Qb2 Rd7 21.
cxd5 Bxd5 22. Rd2 Rc8 23. Rfd1 Bc6 24. Bc4 Rcd8 25. h3 Rxd2 26. Rxd2 Rxd2 27.
Qxd2 Qd7 28. Qxd7 Bxd7 29. Kf2 Kf7 30. Ke3 Bc6 31. g4 g6 32. g5 Ke7 33. Kd4 Kd7
34. h4 Ke7 35. Be2 Be8 36. Kc3 Kd8 37. Kb4 Kc7 38. a4 a5+ 39. Kc3 Kb7 40. Kd4
Kc7 41. Bd1 Kb7 42. Kc4 Kc7 43. b4 axb4 44. Kxb4 Kb7 45. Bf3+ Kc7 46. Be2 Kb7
47. Bc4 Bd7 48. a5 bxa5+ 49. Kxa5 Kc7 50. Ka6 Bc8+ 51. Kb5 Bd7+ 52. Kc5 Bc8 53.
Bb5 Bb7 54. Be8 Bf3 55. Bf7 Kd7 56. Bg8 Ke7 57. Bxh7 Bh5 58. Kc6 Bf3+ 59. Kc7
Bh5 60. Kc8 Ke8 61. Bg8 Ke7 62. Kc7 Bg4 63. h5 gxh5 64. g6 Kf8 65. Bxe6 h4 66.
Bd5 Bh5 67. e6 Bxg6 68. Kd8 Kg7 69. e7 h3 70. e8=Q Bxe8 71. Kxe8 Kh6 72. Bf3 h2
73. Kf7 h1=Q 74. Bxh1 Kh5 75. Ke6 1-0

[Event "chess.com IoM Masters"]
[Site "Douglas ENG"]
[Date "2016.10.01"]
[Round "1.46"]
[White "Ottosen, David"]
[Black "Puranik, Abhimanyu"]
[Result "0-1"]
[BlackTitle "IM"]
[WhiteElo "2105"]
[BlackElo "2471"]
[WhiteFideId "2603080"]
[BlackFideId "5061245"]
[EventDate "2016.10.01"]

1. e4 c5 2. Nf3 d6 3. d4 cxd4 4. Nxd4 Nf6 5. Nc3 a6 6. Be3 e5 7. Nb3 Be6 8. Be2
Be7 9. O-O O-O 10. a4 Nbd7 11. Qd2 Rc8 12. a5 Qc7 13. Bd3 Rfd8 14. Rfd1 Nc5 15.
Nxc5 dxc5 16. Qe1 Qc6 17. f3 c4 18. Bf1 Rxd1 19. Rxd1 Bb4 20. Ra1 Nd7 21. Nd5
Bxe1 22. Ne7+ Kf8 23. Nxc6 Bh4 24. Nb4 Be7 25. Na2 Nb8 26. Nc3 Bc5 27. Nd5 Bxd5
28. Bxc5+ Rxc5 29. exd5 Rxd5 30. Bxc4 Rc5 31. Rd1 Nc6 32. Bd3 g6 33. Be4 Ke7 34.
g4 Rxa5 35. h4 Ra2 36. b3 Nd4 37. Bxb7 Rxc2 38. Ra1 Rc7 39. Bxa6 Nxf3+ 40. Kf2
Nd2 41. Re1 Ke6 42. Re3 f5 43. Rd3 Ne4+ 44. Ke3 Nd6 45. b4 f4+ 46. Ke2 e4 47.
Rd2 Rc3 48. Rb2 Ke5 49. Kf1 f3 50. Rd2 e3 51. Rd1 Ne4 52. Ra1 Rc2 53. Bd3 Ng3+
54. Ke1 Rd2 0-1

[Event "chess.com IoM Masters"]
[Site "Douglas ENG"]
[Date "2016.10.01"]
[Round "1.47"]
[White "Illingworth, Max"]
[Black "De Rosa, Mariagrazia"]
[Result "1-0"]
[WhiteTitle "GM"]
[BlackTitle "WFM"]
[WhiteElo "2465"]
[BlackElo "2102"]
[WhiteFideId "3205207"]
[BlackFideId "815136"]
[EventDate "2016.10.01"]

1. b3 e5 2. Bb2 Nc6 3. e3 d5 4. Bb5 e4 5. d3 Qg5 6. Kf1 Bg4 7. Ne2 Nf6 8. h3 Qh5
9. Qd2 Bd6 10. Ba3 Bxe2+ 11. Qxe2 Qe5 12. d4 Qe7 13. Bxd6 Qxd6 14. c4 O-O 15.
Nc3 Ne7 16. c5 Qe6 17. Qd2 c6 18. Be2 Nd7 19. b4 f5 20. h4 Qh6 21. g3 Rf6 22.
Kg2 Nf8 23. b5 Ne6 24. bxc6 bxc6 25. Rh2 g6 26. Rb1 Qf8 27. Rb7 h6 28. Qc1 Rf7
29. Qb1 Rg7 30. a4 Nc8 31. Rb8 Rxb8 32. Qxb8 Nc7 33. Na2 Re7 34. Nb4 Qe8 35.
Nxc6 Qxc6 36. Qxc8+ Re8 37. Bb5 Qxb5 38. Qxc7 Qxa4 39. Qd6 Kg7 40. h5 gxh5 41.
Rxh5 1-0